00315nam a2200133Ia 4500008004100000100002400041245003600065250001200101260001900113300000900132650001600141942000700157999001700164190216s9999||||xx |||||||||||||| ||und|| aScarborough James B 0aNumerical Mathematical Analysis a6th Ed. bOxford & I B H a600p aMathematics cBK c31676d31676